000 01294nam a2200325 c 4500
003 BLK
005 20180422115730.0
008 180411b bul|||||r ||||||| ||bul||
010 _aKNG00199822000
040 _aBLK
041 _aBUL
_cBUL
072 7 _2bullib
_aА
_xФонд Михаил Арнаудов
080 _aБългарска литература
_b821.163.2
_x-32
_z821.163.2-32
100 1 _aВазов, Иван Минчов
_eпърви автор
_9363396
139 _aВазов, Иван Минчов
_bВ 15
245 1 0 _aЧичовци
_bГалерия от типове и нрави от тур. време : Кн. 1 -
_cИван Минчов Вазов.
_nКн. 1
250 _a4. изд.
257 _aBGR
260 София
_bФакел
_c1944 -
300 _c15 см
380 _aX
490 1 _3Серия на том
_aБиблиотека Иван Вазов
_v4
659 _aА
760 1 _aВазов, Иван Минчов
_b4. изд.
_d1944
_h76 с.
_n1. изд. 1926. - Фонд Михаил Арнаудов - мека подв.
_tКн. 1
852 _aЦб 8.135.5889 ; МА 2003
856 4 _qpdf
_u
856 4 _qpdf
_u
942 _cKNG
_n0
944 _aCR
_c03.02.2017
_kГеновева_Генчева
944 _aED
_c03.02.2017
_kГеновева_Генчева
999 _c190672
_d190672